Normal view
MARC view
Entry Corporate Name
001 - CONTROL NUMBER
- control field: 249184
003 - CONTROL NUMBER IDENTIFIER
- control field: MY-SjTCS
005 - DATE AND TIME OF LATEST TRANSACTION
- control field: 20200306164303.0
008 - FIXED-LENGTH DATA ELEMENTS
- fixed length control field: 200306|| aca||aabn | a|a d
040 ## - CATALOGING SOURCE
- Original cataloging agency: MY-SjTCS
- Transcribing agency: MY-SjTCS
110 ## - HEADING--CORPORATE NAME
- Corporate name or jurisdiction name as entry element: International Association for Tibetan Studies.
- Subordinate unit: Seminar
- Number of part/section/meeting: (10th :
- Date of meeting or treaty signing: 2003 :
- Location of meeting: Oxford, England)
670 ## - SOURCE DATA FOUND
- Source citation: Work cat.: (MY-SjTCS)48857: International Association for Tibetan Studies. Seminar (10th : 2003 : Oxford, England), Discoveries in western Tibet and the western Himalayas, 2007.